Statistics for Season 5 of "The 100" Quiz

Click here to take the quiz!

General Stats

  • This quiz has been taken 29 times
  • The average score is 11 of 15

Answer Stats

QuestionAnswer% Correct
What nickname is given to Octavia in Season 5?Blodreina
100%
How did 300+ prisoners stay alive for over a 100 years in space?cryo sleep
96%
What is the name of the pilot of the prisoner crew who flew the spaceship back to Earth?Shaw
96%
Why does Octavia fall into a coma?Bellamy poisons her
93%
True or false: In the first episode,the only other Praimfaya survivor on the ground besides Clarke is Maddy.True
89%
Why did Wonkru finally decide to march to Shallow Valley?the hydrofarm burned down
85%
Who flew an escape pod of Skaikru from the space station back down to Earth?Emori
81%
What planet are Clarke and Bellamy looking at from space with Jordan in the very last episode?planet Alpha
78%
Who slit the throat of the previous doctor that was with the prisoners before Abby?McCreary
74%
How was Kara Cooper killed?parasitic worms
74%
Which one of the characters below was not collared in Shallow Valley by Diyoza?Kane
70%
Who "kills" Marcus Kane?Vinston
63%
How does Octavia plan to wipe out the prisoner army that took over the Valley?planting worm eggs
59%
For how long in total was Diyoza pregnant when she landed on Earth?100 years and 5 months
48%
What were Kane's last words to Abby before his "death"?"It was Octavia"
15%

Score Distribution

Percentile by Number Answered

Percent of People with Each Score

Your Score History

You have not taken this quiz